| 000 | 01057pam a2200301 a 4500 | ||
|---|---|---|---|
| 001 | 015861123 | ||
| 003 | OSt | ||
| 005 | 20141119151505.0 | ||
| 008 | 120229s2012 qa ao frbd 001 0 eng d | ||
| 020 | _a9789992142684 (pbk.) | ||
| 020 | _a9992142685 (pbk.) | ||
| 040 |
_aStDuBDS _beng _cStDuBDS _dStEdNL _dUk _dEG-ScBUE |
||
| 043 | _aap----- | ||
| 082 | 0 | 0 |
_a305.40953 _222 _bGUL |
| 245 | 0 | 0 |
_aGulf women / _cedited by Amira El-Azhary Sonbol. |
| 260 |
_aDoha : _bBloomsbury Qatar Foundation, _c2012 _e([London] : _fClays Ltd.) |
||
| 300 |
_ax, 454 p. : _bphotograph, tables ; _c24 cm. |
||
| 500 | _aGlossary : p. 429-435. | ||
| 500 | _aIndex : p. 439-454. | ||
| 504 | _aBibliography : p. 407-428. | ||
| 650 | 0 |
_aWomen _zPersian Gulf Region _xSocial conditions _936616 |
|
| 650 | 0 |
_aWomen _zPersian Gulf Region _xEconomic conditions _936617 |
|
| 650 | 0 |
_aWomen and literature _zPersian Gulf Region _936618 |
|
| 653 |
_bGGEN _cNovember2014 |
||
| 655 |
_vreading book _934232 |
||
| 700 | 1 |
_aSonbol, Amira El Azhary _eeditor. _936615 |
|
| 942 |
_2ddc _k305.40953 GUL |
||
| 999 |
_c18651 _d18623 |
||